History Quiz: Warfare - Statistics

General Stats
  • This quiz has been taken 76 times
  • The average score is 6 of 15
Answer Stats
Question Answer % Correct
In which modern country did the first documented battlefield use of gunpowder artillery occur? China
86%
What is believed to be the largest chariot battle ever fought? Battle of Kadesh
71%
What was Alexander the Great's final battle? Battle of the Hydaspes
71%
Which of these sieges did Napoleon lose? Acre
57%
What shape was the Imperial Russian Navy monitor (a type of warship) Novgorod? Circular
57%
Toussaint Louverture was a leader of which revolution? Haitian Revolution
57%
In which battle of the Thirty Years' War did King of Sweden Gustavus Adolphus die? Battle of Lützen
43%
The Battle of Lepanto featured what type of warfare? Naval
43%
The Battle of Sekigahara preceded the establishment of which Japanese shogunate? Tokugawa
43%
What weapon did the Dacians use, which caused problems for the Romans who were invading them? Falx
29%
Which of these isn't the name of a Roman siege engine? Ursus
29%
Which of these types of sword doesn't have a tank, a ship and a plane named after it (has to have all three)? Claymore
14%
The Battle of Stamford Bridge was fought between an English army and an invading force of which nationality? Norwegians
14%
Who built the largest operational tank ever made, in terms of physical dimensions? France
0%
What kind of item was the Chīmalli in pre-Columbian Mesoamerican warfare? Shield
0%
No matching quizzes found
Score Distribution
Percent of People with Each Score
Percentile by Number Answered
Your Score History
You have not taken this quiz